| 000 | 00384nam a2200145Ia 4500 | ||
|---|---|---|---|
| 008 | 240624s9999 xx 000 0 und d | ||
| 041 | _aeng | ||
| 082 | _a658.406 QUA | ||
| 100 | _aQUADE KRISTINE | ||
| 245 | _aCONSCIOUS CONSULTANT MASTERING CHANGE FR | ||
| 250 | _a11 | ||
| 260 |
_c2002 _aSan Francisco _bJossey-Bass/Pfeiffer |
||
| 300 | _axl, : 197 : p. : cm. ; 23 | ||
| 365 |
_c _b30 |
||
| 999 |
_c17860 _d17860 |
||